Gospodarcza rola wiekszej prywatnej wlasnosci ziemskej w Polsce 1918-1939

Guardado en:
Detalles Bibliográficos
Autor principal: Roszkowski, Wojciech
Formato: Libro
Lenguaje:polaco
Publicado: Warszawa Szkola Glówna planowania i statystyki 1986
Edición:1. wyd.
Colección:Monografie i opracowania 191
Etiquetas: Agregar Etiqueta
Sin Etiquetas, Sea el primero en etiquetar este registro!

MARC

LEADER 00000nam a2200000 4500
001 c030205
005 20221220071551.8
041 0 |a pol 
044 |a PL 
245 1 0 |a Gospodarcza rola wiekszej prywatnej wlasnosci ziemskej w Polsce 1918-1939  |c Wojciech Roszkowski 
250 |a 1. wyd. 
264 1 |a Warszawa  |b Szkola Glówna planowania i statystyki  |c 1986 
300 |a 431 s. 
490 1 |a Monografie i opracowania  |v 191 
830 0 |a Monografie i opracowania  |v 191 
100 1 |a Roszkowski, Wojciech